|
|
|
|
| LEADER |
00935nam a22002177a 4500 |
| 001 |
AAL4110 |
| 003 |
BD-DhAAL |
| 005 |
20160321175345.0 |
| 008 |
160321s 2001bg ||||| |||| 00| 0 ben d |
| 082 |
|
|
|a 330
|
| 100 |
|
|
|a হারুন-আর- রশিদ
|9 18707
|
| 245 |
|
|
|a মুক্ত বাজার অর্থনীতিতে বাংলাদেশের শিল্প ও বাণিজ্যে সংকট /
|c হারুন-আর- রশিদ
|
| 250 |
|
|
|a 1st ed.
|
| 260 |
|
|
|a ঢাকা :
|b নওরোজ কিস্তাবিতান,
|c ২০০১
|
| 300 |
|
|
|a ১৪২ পৃ. ;
|c ২২ সে.মি.
|
| 541 |
|
|
|e 4110
|
| 650 |
|
|
|a Economics.
|9 18708
|
| 852 |
|
|
|a Savar Campus Library
|c General Shelf
|
| 942 |
|
|
|2 ddc
|c BK
|
| 999 |
|
|
|c 37190
|d 37190
|
| 952 |
|
|
|0 0
|1 0
|2 ddc
|4 0
|6 330_000000000000000_HAR
|7 0
|9 58468
|a SCL
|b SCL
|c GEN
|d 2016-03-21
|g 100.00
|l 0
|o 330 HAR
|p 3020004110
|r 2016-03-21
|t 1
|w 2016-03-21
|y BK
|